000 00420nam a2200157 i 4500
001 45212
003 ES-MaACL
005 20230906161200.0
007 t|
008 030325s1959 sp ||||1| spa d
100 1 _aCobos, José.
_939364
245 1 0 _aAl correr del tiempo /
_cJosé Cobos.
260 _aMadrid :
_b[s.n.,
_c1959] (
_fSèz)
300 _a162 p., 1 lám. ;
_c17 cm.
852 _aES-MaACL
_jC-16723
_bR.44015
999 _c45212
_d45212